000 00435nam a2200157 a 4500
005 20140310183252.0
008 041020s19uu xx 00 eng d
050 _aRM 216
_b.N329 2004
100 _aNelms, Marcia Nahikian
245 _aMedical nutrition theraphy :
_ba case study approach.
300 _a482 p. ;
_c28 cm.
650 _aDiet theraphy.
700 _aAnderson, Sara Long
942 _cBK
_2lcc
_kFOR
999 _c20798
_d20798